A Standard guide to cat breeds /

Bibliographic Details
Other Authors: Gebhardt, Richard H., Pond, Grace, Raleigh, Ivor
Format: Book
Language:English
Published: New York : McGraw-Hill, 1979.
Subjects:

MARC

Tag First Indicator Second Indicator Subfields
LEADER 00000cam a22000008i 4500
001 in00000094985
005 20150927110616.0
008 790329s1979 nyua 00100 eng
010 |a  79014602  
020 |a 0070230595 :  |c $24.95 
035 |a (OCoLC)04883450 
035 |9 AAL6862AM 
040 |a DLC  |c DLC  |d TXA  |d UtOrBLW 
049 |a TXAM  |c [1191404] 
050 0 0 |a SF445.37  |b .S7 1979 
082 0 |a 636.8 
245 0 2 |a A Standard guide to cat breeds /  |c consultant editor, Richard H. Gebhardt ; general editors, Grace Pond, Ivor Raleigh. 
263 |a 7909 
264 1 |a New York :  |b McGraw-Hill,  |c 1979. 
300 |a 319 pages :  |b illustrations (some color) ;  |c 26 cm. 
336 |a text  |b txt  |2 rdacontent 
337 |a unmediated  |b n  |2 rdamedia 
338 |a volume  |b nc  |2 rdacarrier 
500 |a Includes index. 
650 0 |a Cats  |x Standards. 
650 0 |a Cat breeds. 
700 1 |a Gebhardt, Richard H. 
700 1 |a Pond, Grace. 
700 1 |a Raleigh, Ivor. 
999 |a MARS 
999 f f |s dd673c33-4d4e-3efc-bd3f-687b303b95ec  |i b3d69c9d-15c5-3c41-9dc7-cc4c1888c3cb  |t 0 
952 f f |p normal  |a Texas A&M University  |b College Station  |c Business Library & Collaboration Commons  |d West Campus Library: Stacks  |t 0  |e SF445.37 .S7 1979  |h Library of Congress classification  |i unmediated -- volume  |m A14805240767 
998 f f |a SF445.37 .S7 1979  |t 0  |l West Campus Library: Stacks